[Event "HCL-E1556"]
[Site "www.playchess.de"]
[Date "2006.01.26"]
[Round "17"]
[White "Matu"]
[Black "Bauarbeiter"]
[WhiteElo "1551"]
[BlackElo "1767"]
[PlyCount "34"]
[Result "0-1"]

1.Nf3 c5 {Hallo. Alles Gute und viel Glück.}  2.b3 
{danke gleichfalls und viel glück}  d5 3.Bb2 Nc6 
4.e3 Bg4 5.Be2 e6 6.O-O Nf6 7.d4 cxd4 8.Nxd4 Bxe2 
9.Qxe2 Be7 10.Nd2 O-O 11.Nxc6 bxc6 12.c4 Nd7 13.e4 
Bf6 14.Bxf6 Nxf6 15.exd5 cxd5 16.cxd5 Nxd5 17.Rfd1 
Nc3 0-1

[Event "HCL-E1523"]
[Site "www.playchess.de"]
[Date "2006.01.26"]
[Round "2"]
[White "XANDERKIRV"]
[Black "raquca"]
[WhiteElo "1581"]
[BlackElo "1864"]
[PlyCount "63"]
[Result "0-1"]

1.e4 {Hi and good luck.}  c5 2.Nf3 d6 3.d4 cxd4 
4.Nxd4 Nf6 5.Nc3 a6 6.f3 e6 7.Be3 Be7 8.Qd2 O-O 
9.O-O-O b5 10.a3 Bb7 11.Be2 Nc6 12.Nb3 Qc7 13.g4 
Nd7 14.h4 Nb6 15.g5 Ne5 16.f4 Nec4 17.Bxc4 Nxc4 
18.Qf2 Rac8 19.Kb1 Nxb2 20.Kxb2 Qxc3+ 21.Ka2 Bxe4 
22.Nd4 d5 23.Bc1 b4 24.a4 Rc7 25.Bb2 Qc4+ 26.Ka1 
Bc5 27.Rh2 Bxd4 28.Bxd4 b3 29.cxb3 Qxb3 30.Qf1 Rc4 
31.Ra2 Rxd4 32.Rxd4 0-1

[Event "HCL-B3826"]
[Site "www.playchess.de"]
[Date "2006.01.26"]
[Round "8"]
[White "torbalan"]
[Black "foinaven"]
[WhiteElo "1294"]
[BlackElo "1423"]
[PlyCount "80"]
[Result "0-1"]

1.e4 c5 2.Nf3 d6 3.d4 Nf6 4.dxc5 Nxe4 5.cxd6 e6 
6.Bd3 Nxd6 7.O-O Nc6 8.a3 Be7 9.Re1 O-O 10.Bf4 b6 
11.Nc3 Bb7 12.Ne4 Qc7 13.Qe2 f6 14.Nxd6 Bxd6 
15.Qxe6+ Rf7 16.Bxd6 Qd8 17.Qe8+ Qxe8 {???}  
18.Rxe8+ Rxe8 19.Bb5 {drop of fucking mouse...}  
Rd8 20.Bf4 Rfd7 21.h3 a6 22.Bc4+ Kf8 23.Kh2 Nd4 
24.Nxd4 R7xd4 25.Bc7 R8d7 26.Bxb6 Rxc4 27.c3 Kf7 
28.Bd4 Rc6 29.Rd1 Re6 30.Rd2 a5 31.Kg3 a4 32.Kh2 
Ba6 33.Kg3 Re2 34.Rxe2 Bxe2 35.Kh2 Re7 36.Be3 Rb7 
37.Bc1 Rd7 38.Kg3 Rd1 39.Be3 Rb1 40.b4 
axb3 0-1

[Event "HCL-B3781"]
[Site "www.playchess.de"]
[Date "2006.01.26"]
[Round "1"]
[White "ama49"]
[Black "w_makos"]
[WhiteElo "1217"]
[BlackElo "1200"]
[PlyCount "25"]
[Result "1-0"]

1.e4 {Greetings from Scotland}  e6 {Hi. Good 
luck!}  2.d4 d5 3.exd5 exd5 4.Nf3 c5 5.Qe2+ Be7 
6.Nc3 Nf6 7.Bg5 O-O 8.O-O-O Re8 9.Re1 c4 10.Bxf6 
gxf6 11.g3 Nc6 12.a3 Bg4 13.h3 1-0

[Event "HCL-A2557"]
[Site "www.playchess.de"]
[Date "2006.01.26"]
[Round "9"]
[White "Aggie"]
[Black "Matu"]
[WhiteElo "1328"]
[BlackElo "1528"]
[PlyCount "72"]
[Result "1/2-1/2"]

1.e4 c6 2.d4 d5 3.Nc3 dxe4 4.Nxe4 Nf6 5.Nxf6+ exf6 
6.Nf3 Bd6 7.Be3 Bg4 8.Be2 O-O 9.h3 Bh5 10.O-O Nd7 
11.Nh4 Bxe2 12.Qxe2 Re8 13.Qg4 Bf8 14.Nf5 Kh8 
15.a3 Nb6 16.b4 Nd5 17.c4 Nxe3 18.fxe3 Qd7 19.Qg3 
Re4 20.Qf3 Rae8 21.Rae1 Qe6 22.c5 g6 23.d5 cxd5 
24.Nd4 Qe7 25.Nc2 Bh6 26.Qxf6+ Qxf6 27.Rxf6 Kg8 
28.Kf2 Bg7 29.Rd6 R4e5 30.Rd7 R8e7 31.Rd8+ R7e8 
32.Rd7 R8e7 33.Rd8+ R7e8 34.Rd7 R8e7 35.Rd8+ R7e8 
36.Rd7 R8e7 {(offering draw)}  1/2-1/2

[Event "HCL-M868"]
[Site "www.playchess.de"]
[Date "2006.01.26"]
[Round "8"]
[White "Maccdavid"]
[Black "Hassell"]
[WhiteElo "1644"]
[BlackElo "2307"]
[PlyCount "58"]
[Result "0-1"]

1.e4 {Hello again Graham. Good luck!}  c5 {Hi 
David, the best of luck to you too.}  2.Nf3 d6 
3.Bb5+ Bd7 4.Bxd7+ Nxd7 5.O-O Ngf6 6.Qe2 e6 7.b3 
Be7 8.Bb2 O-O 9.d4 cxd4 10.Nxd4 a6 11.c4 Qb6 
12.Nd2 Rac8 13.Kh1 Qc5 14.a3 Qh5 15.Qxh5 Nxh5 
16.f4 Bf6 17.e5 dxe5 18.fxe5 Nxe5 19.Ne4 Nd3 
20.Nxf6+ Nxf6 21.Bc1 Rfd8 22.Nf3 h6 23.Ne1 Ne4 
24.Nxd3 Rxd3 25.Rb1 Rcd8 26.g3 R3d1 27.Kg2 Rxf1 
28.Kxf1 Rd1+ 29.Kg2 Nc5 0-1

[Event "ACL-M065"]
[Site "www.playchess.de"]
[Date "2006.01.26"]
[Round "15"]
[White "Apollo"]
[Black "Lullo"]
[WhiteElo "2131"]
[BlackElo "2171"]
[PlyCount "55"]
[Result "1/2-1/2"]

1.e4 {Pleased to meet you. Enjoy thr game.}  e5 
{Hi have a nice game.}  2.Nf3 Nc6 3.Bb5 Nf6 4.d3 
d6 5.O-O a6 6.Bxc6+ bxc6 7.d4 exd4 8.Qxd4 Be7 
9.Re1 O-O 10.e5 Nd7 11.exd6 cxd6 12.Qe4 Re8 
13.Qxc6 Rb8 14.Qc4 Bb7 15.Nbd2 Ne5 16.Nxe5 dxe5 
17.Rxe5 Rc8 18.Qd3 Bf6 19.Rxe8+ Qxe8 20.Nf3 Bxf3 
21.gxf3 Rd8 22.Qf1 Qc6 23.c3 Qxf3 24.Be3 Be5 
25.Re1 Rd6 26.Bg5 Rg6 27.Rxe5 Qg4+ 28.Qg2 
{(offering draw)}  1/2-1/2

[Event "HCL-M861"]
[Site "www.playchess.de"]
[Date "2006.01.26"]
[Round "1"]
[White "anne_t"]
[Black "Tapiwa"]
[WhiteElo "1943"]
[BlackElo "1938"]
[PlyCount "91"]
[Result "1/2-1/2"]

1.e4 {Hello again, best of luck!}  c5 2.Nf3 Nc6 
3.d4 cxd4 4.Nxd4 Nf6 5.Nc3 e5 6.Ndb5 d6 7.Bg5 a6 
8.Bxf6 gxf6 9.Na3 Be7 10.Nd5 Be6 11.Nc4 O-O 
12.Nxe7+ Qxe7 13.Qxd6 Rfd8 14.Qxe7 Nxe7 15.Rd1 Ng6 
16.Ne3 Rxd1+ 17.Kxd1 Rd8+ 18.Kc1 Rd4 19.f3 Kg7 
20.a3 Rd8 21.g3 Ne7 22.f4 h6 23.Bc4 Bxc4 24.Nxc4 
b5 25.Ne3 exf4 26.gxf4 Rd4 27.Re1 f5 28.c3 Rd6 
29.e5 Re6 {(offering draw)}  30.Nc2 Rg6 31.Ne3 Re6 
32.Kd2 Kh7 33.b3 Kg7 {(offering draw)}  34.Nc2 Rg6 
35.Ne3 Re6 {(offering draw)}  36.Re2 Rb6 
{(offering draw)}  37.Nc2 Rg6 {(offering draw)}  
38.c4 bxc4 39.bxc4 Rg1 {(offering draw)}  40.Ke3 
a5 41.Rd2 Rc1 {(offering draw)}  42.c5 Kf8 
{(offering draw)}  43.a4 h5 44.Kf2 Ke8 45.h3 h4 
46.Ne3 {(offering draw)}  1/2-1/2

[Event "HCL-C4102"]
[Site "www.playchess.de"]
[Date "2006.01.26"]
[Round "4"]
[White "chimiel"]
[Black "dou3bol"]
[WhiteElo "1100"]
[BlackElo "800"]
[PlyCount "45"]
[Result "1-0"]

1.e4 c5 2.Nc3 g6 3.Nf3 Bg7 4.Bc4 Nc6 5.O-O Nf6 
6.d3 O-O 7.Bf4 a5 8.d4 Nh5 9.Qd2 Qc7 10.Bxc7 d6 
11.Ng5 Nxd4 12.Nd5 b5 13.Nxe7+ Kh8 14.Nxf7+ Rxf7 
15.Bxf7 Bb7 16.Qd3 Rf8 17.c3 c4 18.Qd2 Nc6 19.Nxc6 
Rxf7 20.Qxd6 Rf6 21.Qd8+ Bf8 22.Be5 Bxc6 
23.Qxf8+ 1-0

[Event "HCL-C4066"]
[Site "www.playchess.de"]
[Date "2006.01.26"]
[Round "9"]
[White "tbouma"]
[Black "Idris"]
[WhiteElo "1163"]
[BlackElo "880"]
[PlyCount "51"]
[Result "1-0"]

1.d4 d5 2.Bf4 {hello, again!}  e6 {Hello, and 
happy new year!}  3.e3 {thanks - best of 2006 to 
you!}  Bd7 4.Nf3 Nc6 5.c3 Be7 6.Nbd2 Nf6 7.Bd3 O-O 
8.O-O a5 9.Ne5 Nxe5 10.Bxe5 c6 11.Qc2 c5 12.Bxf6 
Bxf6 13.Bxh7+ Kh8 14.Bd3 g6 15.f4 b6 16.Nf3 Bh4 
17.g3 Bf6 18.Qg2 Rg8 19.Ne5 Bxe5 20.fxe5 Kg7 
21.Qf3 f5 22.exf6+ Qxf6 23.Qxf6+ Kh7 24.Qf7+ Kh8 
25.Qxd7 cxd4 26.Rf7 1-0

[Event "HCL-C4017"]
[Site "www.playchess.de"]
[Date "2006.01.26"]
[Round "5"]
[White "ama49"]
[Black "chechu"]
[WhiteElo "1164"]
[BlackElo "800"]
[PlyCount "56"]
[Result "0-1"]

1.e4 {Greetings from Scotland}  c5 2.Nf3 Nc6 3.d4 
cxd4 4.Nxd4 Nf6 5.Nc3 e5 6.Nxc6 bxc6 7.Bg5 Be7 
8.Bc4 Bb7 9.O-O O-O 10.h3 d5 11.exd5 cxd5 12.Bb3 
d4 13.Bxf6 Bxf6 14.Ne2 Bh4 15.Ng3 Bxg3 16.fxg3 Qg5 
17.Qd3 Rad8 18.h4 Qg4 19.Rae1 e4 20.Qc4 Qxg3 
21.Rxf7 Bd5 22.Rxf8+ Kxf8 23.Qc5+ Kg8 24.Bxd5+ Kh8 
25.Bxe4 Qxe1+ 26.Kh2 Qxe4 27.Qc7 Qxh4+ 28.Kg1 
Re8 0-1

[Event "HCL-E1539"]
[Site "www.playchess.de"]
[Date "2006.01.26"]
[Round "21"]
[White "mrchess"]
[Black "yannick"]
[WhiteElo "1437"]
[BlackElo "1604"]
[PlyCount "110"]
[Result "0-1"]

1.d4 {good luck}  d5 {same here happy new year}  
2.e3 {thanks you too}  Nc6 3.c3 e5 4.dxe5 Nxe5 
5.Be2 Bf5 6.Nf3 Nxf3+ 7.Bxf3 Nf6 8.O-O Bd6 9.Nd2 
O-O 10.Nb3 Qe7 11.Re1 Qe5 12.g3 c5 13.Bg2 Be4 
14.Bxe4 dxe4 15.Nd2 Qf5 16.Nb3 Rad8 17.Qe2 Qh3 
18.f4 exf3 19.Qxf3 c4 20.Nd4 Ng4 21.Qg2 Qxg2+ 
22.Kxg2 Rfe8 23.h3 Nf6 24.b3 Be5 25.bxc4 Ne4 
26.Bb2 Bxg3 27.Re2 Rdc8 28.Nb5 a6 29.Na3 Bd6 
30.Rc1 b6 31.Kf3 Bxa3 32.Bxa3 Rxc4 33.Rb2 b5 
34.Bb4 Ng5+ 35.Kf2 Nxh3+ 36.Kf3 Ng5+ 37.Kf2 h6 
38.Rd2 Ne4+ {thanks !}  39.Ke2 Nxd2 40.Kxd2 Rd8+ 
41.Ke2 g6 42.Rf1 Re8 43.Kf3 Rce4 44.Bc5 R4e5 
45.Bd4 Rf5+ 46.Ke2 Rxf1 47.Kxf1 f5 48.Kf2 h5 
49.Kg3 g5 50.Kf3 h4 51.Bf6 g4+ 52.Kf2 h3 53.Bh4 
Rxe3 54.Kxe3 h2 55.Kf4 h1Q 0-1

[Event "HCL-C4071"]
[Site "www.playchess.de"]
[Date "2006.01.26"]
[Round "14"]
[White "Idris"]
[Black "IRONMAIDEN"]
[WhiteElo "878"]
[BlackElo "1372"]
[PlyCount "39"]
[Result "1/2-1/2"]

1.e4 e5 2.Nf3 Nc6 3.d3 Bc5 4.Be2 Nf6 5.Nc3 d6 
6.Bd2 O-O 7.Ng5 Nd7 8.Bg4 Nf6 9.Bxc8 Rxc8 10.Qe2 
a6 11.Nd5 Nxd5 12.exd5 Nd4 13.Qh5 h6 14.Ne4 Nxc2+ 
15.Ke2 Nxa1 16.Rxa1 c6 17.Bxh6 gxh6 18.Qxh6 f5 
19.Qg6+ Kh8 20.Qh6+ {(offering draw) repitition?} 
 1/2-1/2

[Event "HCL-M870"]
[Site "www.playchess.de"]
[Date "2006.01.26"]
[Round "10"]
[White "papuan"]
[Black "Werner"]
[WhiteElo "2323"]
[BlackElo "2156"]
[PlyCount "50"]
[Result "1/2-1/2"]

1.d4 d5 {Ïðèâåò! Æåëàþ óäà÷è! Hi! Good luck!!!}  
2.c4 {&#1055;&#1088;&#1080;&#1074;&#1077;&#1090;!} 
 c6 3.Nf3 Nf6 4.Nc3 dxc4 5.a4 Bf5 6.Ne5 Nbd7 
7.Nxc4 Nb6 8.Ne5 a5 9.f3 Nfd7 10.Nxd7 Bxd7 11.e4 
e6 12.Be3 Qh4+ 13.Bf2 Qg5 14.d5 Nc8 15.h4 Qf6 
16.Bd4 e5 17.Be3 Bb4 18.h5 h6 19.Be2 O-O 20.Kf2 
Ne7 21.dxc6 Bxc6 22.Qc2 Rac8 23.Rad1 Qe6 24.g4 Bd7 
25.Rd2 Rc7 {(offering draw) I offer a draw.} 
 1/2-1/2

[Event "HCL-B3793"]
[Site "www.playchess.de"]
[Date "2006.01.26"]
[Round "15"]
[White "mrchess"]
[Black "evets"]
[WhiteElo "1431"]
[BlackElo "1445"]
[PlyCount "131"]
[Result "1-0"]

1.d4 {good luck}  d5 2.e3 e6 3.Bd3 c5 4.c3 Nf6 
5.Nd2 Nc6 6.f4 Bd6 7.Ngf3 c4 8.Bc2 b5 9.Ne5 Bb7 
10.O-O O-O 11.g4 Bxe5 12.fxe5 Nd7 13.Qf3 Qh4 
14.Qg2 Qg5 15.Nf3 Qe7 16.g5 g6 17.Nh4 Kg7 18.Rf6 
Qe8 19.Rf4 b4 20.Nf3 a5 21.Qh3 Rh8 22.Qh6+ Kg8 
23.Bd2 Qf8 24.Rf1 Qxh6 25.gxh6 Kf8 26.Ng5 f5 
27.Nxe6+ Ke7 28.Nc7 Rac8 29.Nxd5+ Ke6 30.e4 Ne7 
31.Nxe7 Kxe7 32.exf5 bxc3 33.f6+ Ke6 34.Bxc3 Rhf8 
35.Ba4 Nb6 36.Bc2 Nd5 37.R4f2 Ne3 38.Re1 Ng4 
39.Rd2 Bd5 40.Be4 Nxh6 41.Bxd5+ Kxd5 42.Bxa5 Rca8 
43.Bb4 Rfb8 44.a3 Rbe8 45.Bc3 Re6 46.Ra1 Ra4 
47.Rf2 Nf7 48.Rf4 h5 49.Rf3 Ke4 50.Rg3 g5 51.Rg2 
Kd5 52.Kf2 Ke4 53.Rd1 g4 54.d5 Rxe5 55.Bxe5 Kxe5 
56.Ke3 c3 57.bxc3 Rxa3 58.Rc2 h4 59.Rd4 Kf5 60.d6 
Kxf6 61.d7 Ra8 62.Rxg4 Nd6 63.Rcg2 Nf5+ 64.Kf4 
Ra4+ 65.Kf3 Rxg4 66.d8Q+ 1-0

[Event "HCL-A2558"]
[Site "www.playchess.de"]
[Date "2006.01.26"]
[Round "5"]
[White "MindenFele"]
[Black "pawnstorm"]
[WhiteElo "1546"]
[BlackElo "1555"]
[PlyCount "45"]
[Result "1-0"]

1.e4 {Hello. Good luck.}  c5 {hello}  2.Nf3 d6 
3.d4 cxd4 4.Nxd4 Nf6 5.Nc3 a6 6.Bg5 e6 7.f4 Be7 
8.Qf3 Nc6 9.O-O-O Qb6 10.Nb3 O-O 11.g4 Rd8 12.h4 
Bd7 13.Bxf6 Bxf6 14.g5 Be7 15.h5 Be8 16.Kb1 Rac8 
17.g6 fxg6 18.hxg6 Bxg6 19.f5 exf5 20.exf5 Bf7 
21.Bd3 Bf6 22.Qh3 h6 23.Ne4 1-0

[Event "HCL-A2557"]
[Site "www.playchess.de"]
[Date "2006.01.26"]
[Round "19"]
[White "Aggie"]
[Black "scaper"]
[WhiteElo "1328"]
[BlackElo "1402"]
[PlyCount "62"]
[Result "0-1"]

1.e4 c5 2.Bc4 e6 3.d3 Nf6 4.Nf3 d5 5.Bb5+ Bd7 
6.Bxd7+ Nbxd7 7.e5 Ng4 8.Qe2 Qc7 9.Bf4 Be7 10.Nbd2 
f6 11.O-O Ngxe5 12.Rfe1 Kf7 13.Nxe5+ fxe5 14.Bxe5 
Nxe5 15.Qxe5 Qxe5 16.Rxe5 Bf6 17.Re2 Bxb2 18.Rb1 
Bc3 19.Rxb7+ Kf6 20.Nb3 Rhc8 21.Re3 c4 22.Nc1 Rab8 
23.Rf3+ Ke5 24.Re3+ Kd6 25.Rxb8 Rxb8 26.f4 Rb1 
27.dxc4 Bd4 28.Kf2 Rxc1 29.cxd5 Kxd5 30.a3 Rxc2+ 
31.Kf3 Bxe3 0-1

[Event "HCL-A2554"]
[Site "www.playchess.de"]
[Date "2006.01.26"]
[Round "23"]
[White "CYTO"]
[Black "Jule"]
[WhiteElo "1248"]
[BlackElo "1432"]
[PlyCount "42"]
[Result "0-1"]

1.e4 {Hello}  e5 {Hello. Good luck to this game}  
2.Nf3 d6 3.d4 Nc6 4.Bb5 Bd7 5.dxe5 dxe5 6.Bxc6 
Bxc6 7.Qxd8+ Rxd8 8.Nc3 Bd6 9.O-O h6 10.Be3 Nf6 
11.Rad1 O-O 12.a3 Nxe4 13.Nxe4 Bxe4 14.c3 Bxf3 
15.gxf3 f5 16.Rd3 e4 17.fxe4 fxe4 18.Rd4 Rde8 
19.b4 Rf5 20.Kh1 Rh5 21.Rg1 Rxh2+ 0-1

[Event "HCL-A2555"]
[Site "www.playchess.de"]
[Date "2006.01.26"]
[Round "5"]
[White "Jule"]
[Black "Mazarella"]
[WhiteElo "1432"]
[BlackElo "1600"]
[PlyCount "46"]
[Result "1-0"]

1.d4 e6 2.e4 Nc6 3.Nf3 h6 4.e5 d6 5.Bf4 Nge7 6.Bb5 
Bd7 7.exd6 g5 8.dxe7 Qxe7 9.Bxc7 a6 10.Be2 Qb4+ 
11.Nbd2 Rc8 12.Be5 Rg8 13.Rb1 Bd6 14.c3 Qb6 
15.Bxd6 Nd8 16.Bc5 Qc6 17.O-O b6 18.Ne5 Qd5 
19.Bxb6 f6 20.Bh5+ Ke7 21.Bc5+ Rxc5 22.Ng6+ Kf7 
23.Nf4+ Kg7 1-0

[Event "HCL-A2553"]
[Site "www.playchess.de"]
[Date "2006.01.26"]
[Round "4"]
[White "superyetkin"]
[Black "pawnstorm"]
[WhiteElo "1311"]
[BlackElo "1555"]
[PlyCount "22"]
[Result "0-1"]

1.g3 {hello to switzerland}  f5 {hello dear 
friend}  2.Bg2 {how are you?}  Nf6 {Very well, and 
you?}  3.Nc3 {thanks}  e5 4.Nd5 Nxd5 5.Bxd5 c6 
6.Bg2 d5 7.d3 Nd7 8.e4 Nf6 9.exf5 Bxf5 10.Bg5 Be7 
11.Bxf6 Bxf6 0-1

[Event "HCL-E1525"]
[Site "www.playchess.de"]
[Date "2006.01.26"]
[Round "27"]
[White "PieceSeeker3"]
[Black "Spotsychess"]
[WhiteElo "1596"]
[BlackElo "1474"]
[PlyCount "41"]
[Result "1-0"]

1.e4 e6 2.d4 b6 3.Nf3 Bb7 4.Bd3 Nf6 5.O-O Bxe4 
6.Re1 d5 7.Bg5 Bxd3 8.Qxd3 Be7 9.Nc3 h6 10.Bh4 Nh7 
11.Bg3 O-O 12.Ne5 Bd6 13.Nb5 Bxe5 14.Bxe5 Na6 
15.Qg3 c6 16.Nc7 Nxc7 17.Bxc7 Qd7 18.Bd6 Rfd8 
19.Bc7 Rdc8 20.Be5 c5 21.Qxg7+ 1-0

[Event "HCL-E1459"]
[Site "www.playchess.de"]
[Date "2006.01.26"]
[Round "26"]
[White "Eli"]
[Black "PieceSeeker3"]
[WhiteElo "1507"]
[BlackElo "1485"]
[PlyCount "97"]
[Result "1-0"]

1.d4 d5 2.Nf3 Nf6 3.e3 Bg4 4.Be2 e6 5.Nbd2 Bb4 
6.c3 Bd6 7.Qc2 Nbd7 8.e4 dxe4 9.Nxe4 O-O 10.Nxd6 
cxd6 11.Bg5 h6 12.Bh4 Re8 13.O-O-O a6 14.Bd3 Qa5 
15.Kb1 Bxf3 16.gxf3 Qh5 17.Bg3 d5 18.f4 b5 19.f5 
Ne4 20.Bxe4 dxe4 21.Qxe4 Qxf5 22.Qxf5 exf5 23.Rhe1 
Nf6 24.Be5 Ne4 25.f3 Ng5 26.f4 Ne4 27.Rxe4 fxe4 
28.Rg1 {(offering draw)}  g6 29.f5 Kh7 30.fxg6+ 
fxg6 31.Re1 Rxe5 32.dxe5 Re8 33.Rxe4 Re6 34.Kc2 
Re8 35.Kd3 g5 36.b3 Kg6 37.c4 Kf5 38.cxb5 axb5 
39.a4 h5 40.a5 h4 41.h3 Re6 42.b4 {Happy New Year} 
 g4 43.Rxg4 Rxe5 {Have a good one too}  44.Rxh4 
Re1 45.Rh5+ Kf4 46.Rxb5 Kg3 47.a6 Ra1 48.Ra5 Kxh3 
49.Rxa1 1-0

[Event "HCL-A2557"]
[Site "www.playchess.de"]
[Date "2006.01.27"]
[Round "5"]
[White "Matu"]
[Black "earlyrunner"]
[WhiteElo "1528"]
[BlackElo "1600"]
[PlyCount "32"]
[Result "0-1"]

1.e4 c6 2.d4 d5 3.e5 Bf5 4.g4 Bd7 5.f4 e6 6.Nf3 c5 
7.c3 cxd4 8.cxd4 Bb4+ 9.Bd2 Nc6 10.Bxb4 Nxb4 11.a3 
Nc6 12.Bd3 Qb6 13.Nc3 Nxd4 14.Nxd4 Qxd4 15.Nb5 
Qe3+ 16.Be2 Bxb5 0-1

[Event "HCL-A2564"]
[Site "www.playchess.de"]
[Date "2006.01.27"]
[Round "27"]
[White "PhilipKaveny"]
[Black "RUDI"]
[WhiteElo "1379"]
[BlackElo "1282"]
[PlyCount "119"]
[Result "1-0"]

1.e4 {Rudy I just Got promoted also}  e5 
{congratulations, I already missed you! Let`s stay 
in A for a while!}  2.Bc4 {Lets do that}  Nc6 
3.Nf3 Bc5 4.O-O Nf6 5.d3 d6 6.a3 O-O 7.b4 Bb6 8.b5 
Nd4 9.Nxd4 exd4 10.h3 g6 11.Bh6 Re8 12.Nd2 Nh5 
13.Qf3 Qf6 14.Qxf6 Nxf6 15.Nf3 Be6 16.Bxe6 Rxe6 
17.Bc1 c5 18.bxc6 bxc6 19.Ng5 Re7 20.f4 Nd7 21.a4 
{Rudy we are even in our  series  and both playing 
class A :  Both playing for a win How darmatic.}  
Ba5 {yeah, but maybe we can both leave one behind 
in the tournament and stay in A. Are you winning 
something in A? (Besides this one...)}  22.f5 {Its 
hard to tell for me when I am winning or losing}  
Rf8 {you can always find out by offering remis. if 
he/she accepts, you would have won...}  23.Ba3 c5 
24.fxg6 {Remis = Draw :)}  fxg6 {yes, it`s 
actually not english, it`s french and used by 
german players as well.}  25.Rxf8+ {You make me 
want to learn German}  Kxf8 {Elvis did it. You can 
do it. But it`s not that easy. Easier to play 
A-League.}  26.Rb1 {Stop this you are making me 
laugh too Much :)}  Bb6 {ok.}  27.Rf1+ {I am 
joking Chat as much as you want I certainly do}  
Kg7 28.Bb2 Bd8 29.Nf3 Ne5 30.Nxe5 dxe5 31.Ba3 Rc7 
32.Rb1 Be7 33.a5 {Things look good for you I am 
trying for a win. They used to call this a 
minority attack}  g5 {okay, try}  34.a6 Kf6 35.Rb7 
Bd8 36.Rxc7 Bxc7 37.Bxc5 Bb8 38.Kf2 Ke6 39.g3 h6 
40.g4 Kf6 41.Kg3 Kg6 42.Bb4 {Good morning this is 
my favorite game out of the 190 I have played on 
this server}  h5 {supposedly you are sleeping now 
and I can attack secretly. But with who or 
what...}  43.c4 {"I woke up this morning you were 
on my mind, you were on my mind"  My terror 
wheapon is the song.}  dxc3 {how about "kill the 
king" by RAINBOW?
could be quite appropriate for chess-players}  
44.Bxc3 hxg4 {looks good for you}  45.hxg4 Bc7 
46.Kf3 {Yes I have lost in much better positions 
than this}  Bb6 47.Bxe5 Kf7 48.Bc3 Ke6 49.d4 Kd6 
50.Ke3 Ke6 51.Kf3 Kd6 52.Ke3 Ke6 53.Bb4 Kd7 {good 
bye A-League, it`s a disaster...
if you beat scotty, I could still make it, `cos I 
got him under control.}  54.Bc5 {I will do my best 
I think this does it for me}  Kc6 55.Bxb6 Kxb6 
56.e5 {Lets see if the cat can catch all the mice} 
 Kxa6 {you spoiled my first match in A-League!}  
57.e6 {Its not  spoiled yet}  Kb6 {good joke...}  
58.e7 {I guess I do make it by one}  a5 {really? 
okay, joking aside, this is a win for you. I`ll 
resign shortly, hoping to meet you soon again.}  
59.e8Q {This is an important game for me my wins 
and loses are now equal after 194 games}  a4 
{congratulations.}  60.Qxa4 1-0

[Event "HCL-B3773"]
[Site "www.playchess.de"]
[Date "2006.01.27"]
[Round "9"]
[White "Berniemac"]
[Black "sonnyspock"]
[WhiteElo "1200"]
[BlackElo "1138"]
[PlyCount "44"]
[Result "0-1"]

1.c3 e6 2.e3 d5 3.Nh3 c5 4.Qa4+ Bd7 5.Qb3 Nf6 
6.Qxb7 Nc6 7.Qb3 Rb8 8.Qc2 Be7 9.d4 O-O 10.Nf4 
cxd4 11.cxd4 Ne4 12.Qa4 Ne5 13.Qxa7 Bb4+ 14.Kd1 
Nxf2+ 15.Kc2 Nxh1 16.dxe5 Qc8+ 17.Nc3 Nf2 18.a3 
Bxc3 19.Kb1 Nd1 20.Ra2 Be1 21.Ba6 Qc2+ 22.Ka1 
Qxc1+ 0-1

[Event "HCL-B3846"]
[Site "www.playchess.de"]
[Date "2006.01.27"]
[Round "5"]
[White "Ebaw"]
[Black "Old_Town_Pizza"]
[WhiteElo "1400"]
[BlackElo "1500"]
[PlyCount "50"]
[Result "0-1"]

1.e4 c5 2.Nf3 Nc6 3.d4 cxd4 4.Nxd4 Nf6 5.Nc3 e5 
6.Nxc6 bxc6 7.Bc4 Bb7 8.Bg5 Be7 9.O-O O-O 10.Qd2 
Qc7 11.Rad1 Rad8 12.Bxf6 Bxf6 13.f3 Qb6+ 14.Qf2 
Qxb2 15.Qd2 Qb6+ 16.Kh1 Be7 17.Rdb1 Qc7 18.Rfd1 d6 
19.Rb2 Rd7 20.Rdb1 Ba8 21.Na4 Rfd8 22.h3 d5 
23.exd5 cxd5 24.Bb5 R7d6 25.Nc5 
Qxc5 0-1

[Event "HCL-A2494"]
[Site "www.playchess.de"]
[Date "2006.01.27"]
[Round "23"]
[White "cabe"]
[Black "Snillie"]
[WhiteElo "1415"]
[BlackElo "1513"]
[PlyCount "104"]
[Result "0-1"]

1.e4 {Daar zijn we weer! Veel geluk!}  d6 2.c4 e5 
3.Nc3 Nc6 4.Nge2 Nf6 5.d4 Be7 6.Ng3 Nxd4 7.Be3 Nc6 
8.Bd3 Bg4 9.f3 Be6 10.O-O a6 11.b3 O-O 12.Qd2 Nb4 
13.f4 Ng4 14.f5 Bd7 15.Nd5 Nxd3 16.Qxd3 Bc6 17.Bd2 
Bh4 18.a3 Bxd5 19.exd5 Bg5 20.Bxg5 Qxg5 21.Ne4 Qh6 
22.h3 Nf6 23.Rad1 {De beste wensen voor 2006!}  
Nxe4 24.Qxe4 f6 25.Rfe1 g6 26.Qe3 Qxe3+ 27.Rxe3 
gxf5 28.Rc1 Rf7 29.c5 f4 30.Rec3 f5 31.cxd6 cxd6 
32.R3c7 Raf8 33.Kf2 Rxc7 34.Rxc7 Rf7 35.Rc8+ Kg7 
36.Rd8 e4 37.Rxd6 Rc7 38.g3 Rc2+ 39.Kg1 fxg3 
40.Rd7+ Kg6 41.Rxb7 Rd2 42.Rb6+ Kg5 43.Rxa6 Rxd5 
44.b4 f4 45.Ra5 f3 46.Rxd5+ Kf4 47.b5 e3 48.Rd4+ 
Ke5 49.Rd3 Ke4 50.Rd8 e2 51.Re8+ Kd3 52.Kh1 
f2 0-1

[Event "HCL-B3790"]
[Site "www.playchess.de"]
[Date "2006.01.27"]
[Round "5"]
[White "cladious"]
[Black "morten"]
[WhiteElo "1071"]
[BlackElo "1308"]
[PlyCount "69"]
[Result "1-0"]

1.d4 d5 2.c4 Nf6 3.Nf3 Nc6 4.e3 Bg4 5.h3 Bh5 6.Nc3 
e6 7.Be2 {happy christmas}  dxc4 8.O-O Bxf3 9.Bxf3 
Bd6 10.Qa4 O-O 11.Bxc6 bxc6 12.Qxc6 a5 13.Qxc4 Nd7 
14.e4 Nb6 15.Qe2 Re8 16.e5 Bf8 17.Ne4 Nd5 18.f4 
Qh4 19.Bd2 Reb8 20.Be1 Nxf4 21.Qf3 Qh6 22.Qxf4 
Qxf4 23.Rxf4 Rxb2 24.Ng5 h6 25.Ne4 Rab8 26.Bc3 
R2b5 27.Raf1 c5 28.Nd6 Bxd6 29.exd6 f5 30.a4 R5b3 
31.Bxa5 Ra8 32.d7 Rbb8 33.d8Q+ Rbxd8 34.Bxd8 Rxd8 
35.dxc5 1-0

[Event "HCL-A2544"]
[Site "www.playchess.de"]
[Date "2006.01.27"]
[Round "13"]
[White "yannick"]
[Black "GED"]
[WhiteElo "1588"]
[BlackElo "1445"]
[PlyCount "94"]
[Result "0-1"]

1.e4 {hi,happy christmas,good game}  c5 {thanks 
you too!}  2.Nf3 e6 3.d3 d5 4.Nbd2 Nc6 5.g3 dxe4 
6.Nxe4 Nf6 7.Nxf6+ Qxf6 8.c3 e5 9.Bg5 Qe6 10.Be2 
b6 11.O-O Bb7 12.Qb3 Qf5 13.h3 Na5 14.Qb5+ Bc6 
15.d4 f6 16.Qd3 Qxd3 17.Bxd3 Bxf3 18.Be3 cxd4 
19.cxd4 exd4 20.Bc1 Bc5 21.Bd2 Nc6 22.Rfe1+ Kd7 
23.Bf5+ Kc7 24.Be4 Bxe4 25.Rxe4 Rhe8 26.Rh4 h6 
27.Rg4 Re7 28.Rd1 g5 29.b4 f5 30.Rxg5 hxg5 31.bxc5 
bxc5 32.Bxg5 Re2 33.Bd2 Kd6 34.h4 Rh8 35.Kg2 Ne5 
36.Kf1 d3 37.Be3 c4 38.a4 Ra2 39.Bxa7 Ra8 40.Be3 
R2xa4 41.Bc1 R4a1 42.Kg2 R8a2 43.Rf1 Rc2 44.Bb2 
Rxf1 45.Ba3+ Ke6 46.Kxf1 Ra2 47.Bb4 
Nf3 0-1

[Event "HCL-M876"]
[Site "www.playchess.de"]
[Date "2006.01.27"]
[Round "3"]
[White "Nonni"]
[Black "reddog"]
[WhiteElo "2124"]
[BlackElo "1844"]
[PlyCount "28"]
[Result "1-0"]

1.e4 {Greetings from Reykjavik, Iceland}  e5 
{Hello from Ipswich, England. Happy New Year to 
you. I hope you enjoy our game}  2.Nf3 {Happy new 
year!}  Nc6 3.Bb5 a6 4.Ba4 Nf6 5.O-O b5 6.Bb3 Bc5 
7.c3 d6 8.h3 O-O 9.d4 Bb6 10.Re1 Na5 11.Bc2 Qe7 
12.Bg5 h6 13.Bh4 Rd8 14.a4 Bd7 1-0

[Event "HCL-C4012"]
[Site "www.playchess.de"]
[Date "2006.01.27"]
[Round "9"]
[White "reingp"]
[Black "ivofle"]
[WhiteElo "1443"]
[BlackElo "794"]
[PlyCount "38"]
[Result "0-1"]

1.d4 {olá!}  d5 2.Nc3 Nf6 3.Bf4 Na6 4.Nb5 c6 5.Nc3 
Bg4 6.f3 Bf5 7.g4 Nxg4 8.fxg4 Bxg4 9.h3 Bf5 10.Nf3 
e6 11.e3 Bb4 12.Rb1 O-O 13.h4 b6 14.Bxa6 {?}  Bg4 
15.Bb7 Bxf3 16.Qxf3 a5 17.Bxa8 {vc ta desistindo?} 
 Qxa8 18.h5 Qd8 19.a3 Be7 0-1